000 00456nam a22001577a 4500
003 OSt
005 20221012195449.0
008 221012b |||||||| |||| 00| 0 eng d
040 _cBiblioteca Lado V
082 _a708
_bG216w
100 _9163
_aGarciandia, Flavio
_eautor
245 _aWho's Affraid of Barnett Newman/
260 _aMexico
_bGalerĂ­a Ramis Barquet
_c1997
300 _a39p.
_c23x23cm
942 _2ddc
_c1
_h708
_iG216w
_n0
999 _c2286
_d2286